000 01047nam a2200277Ia 4500
001 Para_9952
003 CHAP
008 220125sNovi xx 000 0 und d
010 _a208617
040 _cCHAP
090 _aPA CD - TESIS 38
100 _aJacobo Villegas, Omar
_960849
245 _aEfectividad de la cepa antagónica CAR - 01 contra la roya blanca del crisantemo bajo invernadero en San Miguel Tlaixpan, Texcoco, Edo. de México /
_c Omar Jacobo Villegas; Director María de Lourdes Rodríguez Mejía
260 _aChapingo, Méx. :
_b el autor
300 _a1 CD ROM (50 p.)
502 _aTesis (Ing. Agr. Esp. en Parasitología Agrícola) -- UACh. Departamento Parasitología Agrícola
700 _aRodríguez Mejía, María de Lourdes. Director
_9171330
710 _aUACh. Departamento Parasitología Agrícola
_9164025
901 _aPA CD - TESIS 38
902 _aM
905 _a513220Noviembre, 2010 amn 8100000000 06
910 _aNovi
942 _cPARA
942 _cPARA
_d2
999 _c208617
_d208617